History Quiz

Random History or Country Quiz
Score 0/14 Timer 06:00
2 Plays Today
% Correct
France
99.3%
United Kingdom
97.8%
Russia
93.6%
Japan
93%
Monaco
77.3%
Thailand
75.1%
Austria-Hungary
73%
% Correct
Norway
66.5%
Brazil
58%
Laos
50.5%
Luxembourg
37.5%
Swaziland
37%
Liechtenstein
31.3%
Montenegro
22%
Remove Ads.
Support Sporcle.
Get the best of Sporcle when you Go Orange. This ad-free experience offers more features, more stats, and more fun while also helping to support Sporcle. Thank you for becoming a member.

You're not logged in!

Compare scores with friends on all Sporcle quizzes.
OR
Log In

Sporcle TV

Today on Sporcle TV


Watch our educational content, quiz creation guides, and fun videos on Sporcle TV.

Show Comments

Extras

Top Quizzes Today


Score Distribution

Paid Content

Your Account Isn't Verified!

In order to create a playlist on Sporcle, you need to verify the email address you used during registration. Go to your Sporcle Settings to finish the process.

Report this User

Report this user for behavior that violates our Community Guidelines.

Details: